| 000 | 00420cam a2200181ua 4500 | ||
|---|---|---|---|
| 020 | _c4.50 | ||
| 041 |
_ahin _h |
||
| 082 |
_a891.43 _bRAM/LO |
||
| 100 | _aRamdharisingh dinakar, . | ||
| 245 |
_aLokdev Nehru / _cLokdev Nehru. _hTextual Documents |
||
| 250 |
_a1 / _b. |
||
| 260 |
_aPatna : _bUdayachal , _c1965. |
||
| 300 | _a133 ; . | ||
| 365 | _a4.50 | ||
| 504 | _a | ||
| 942 | _cBK | ||
| 999 |
_c3039 _d3039 |
||